Finnish Click: Emotions - Statistics

General Stats
  • This quiz has been taken 23 times
  • The average score is 13 of 19
Answer Stats
Hint Answer % Correct
Neutral Neutraali
95%
Happy Onnellinen
91%
Sad Surullinen
86%
Nostalgic Nostalginen
82%
That one feeling when someone says "This is a simulation, this is a simulation,...". Se tunne, kun joku sanoo "Tämä on simulaatio, tämä on simulaatio..."
82%
That one feeling when you say "I AM SUPERMAN" as a child. Se tunne, kun sanot "MINÄ OLEN SUPERMAN" lapsena
82%
Absolutely Insane Täysin hullua
77%
Manic Maaninen
73%
Anxious Ahdistunut
68%
Excited Innoissaan
68%
Scared Peloissaan
68%
Confused Hämmentynyt
64%
Worried Huolestunut
64%
Depressed Masentunut
64%
Cool Viileä
64%
Frustrated Turhautunut
59%
Mad Hullu
55%
Nervous Hermostunut
50%
Crazy Hullu
45%
No matching quizzes found
Score Distribution
Percent of People with Each Score
Percentile by Number Answered
Your Score History
You have not taken this quiz